| 000 | 00771nam a2200193Ia 4500 | ||
|---|---|---|---|
| 005 | 20251020182613.0 | ||
| 008 | 200515s9999 xx 000 0 und d | ||
| 082 | _aSC/69.057.5/C91 | ||
| 110 | _aMinisterio de la Construcción | ||
| 245 | 0 | _aCarpintería de encofrados | |
| 260 | _aLa Habana | ||
| 260 | _cs.a. | ||
| 300 | _a159 | ||
| 500 | _a replanteo y trazado de excavaciones, entubamiento, cimentaciones, zapata, etc. | ||
| 520 | _aDocumento elaborado por el Ministerio de la Construcción de Cuba para capacitación en carpintería de encofrados. Se recoge de forma general las actividades propias de la especialidad las que están recogidas en los programas de estudio tales como medicione | ||
| 650 | _aCARPINTERIA | ||
| 650 | _aENCOFRADOS | ||
| 942 | _cLIB | ||
| 999 |
_c3418 _d3418 |
||